000 00603nam a2200205Ia 4500
005 20250923144651.0
008 008 250917s9999 xx 000 0 eng d
037 _aTextual
040 _aDSWL
_beng
_cDSWL
041 _aeng
_2eng
084 _aY1:5, J9
_qDSWL
100 _aEversley, D.E.C.
_9827180
245 0 _aSocial theories of fertility and the mathusian debate
_cby D.E.C. Eversley
260 _aOxford
_b. Oxford at the Calrendon Press
_c1959
300 _aix,313p.
365 _aINR
_b35
925 _g35
942 _cTEXL
_hY1:5, J9
999 _c1441825
_d1441825